00443nam a2200145Ia 4500008004100000020001800041041000800059082001600067100002100083245011400104250000600218260003900224300001100263650002300274210716s2009 xx 000 0 und d a9780230327276 aeng a658.404NEWR aNewton, Richard. aThe practice and theory of project management: creating value through change.bCreating value through change. a1 aNew YorkbPalgrave macmillanc2009 aix,410 aProject Management